লোডিং...
Pathinanchupanyasam/
| প্রধান লেখক: | |
|---|---|
| বিন্যাস: | Printed Book |
| ভাষা: | English |
| প্রকাশিত: |
Kottayam:
National Book Stall,
1963.
|
| বিষয়গুলি: |
| LEADER | 00513 a2200157 4500 | ||
|---|---|---|---|
| 008 | 150103s9999 000 0 eng | ||
| 082 | |a 814 | ||
| 100 | |a Kuttikrishna Marar | ||
| 245 | |a Pathinanchupanyasam/ | ||
| 260 | |a Kottayam: |b National Book Stall, |c 1963. | ||
| 300 | |a 164 p.; | ||
| 500 | |a Malayalam | ||
| 650 | |a Essays | ||
| 942 | |c BK | ||
| 999 | |c 306566 |d 306566 | ||
| 952 | |0 0 |1 0 |2 ddc |4 0 |6 M_814_000000000000000_KUT_PA |7 0 |9 351682 |a DRA |b DRA |c ST1 |d 2012-10-15 |i 2583 |l 0 |o M 814 KUT/PA |p DRA2583 |r 2019-01-03 |v 10.00 |w 2019-01-03 |y BK | ||